<?xml version="1.0" encoding="UTF-8"?>
<record
    xmlns:xsi="http://www.w3.org/2001/XMLSchema-instance"
    xsi:schemaLocation="http://www.loc.gov/MARC21/slim http://www.loc.gov/standards/marcxml/schema/MARC21slim.xsd"
    xmlns="http://www.loc.gov/MARC21/slim">

  <leader>01758ngm a2200241Ia 4500</leader>
  <controlfield tag="001">CINE00679</controlfield>
  <controlfield tag="003">EcQuCN</controlfield>
  <controlfield tag="005">20240205094645.0</controlfield>
  <controlfield tag="006">a||||gr|||| 00| mz</controlfield>
  <controlfield tag="007">mc nfubzzgazauz|c201508</controlfield>
  <controlfield tag="008">150827s        ec ||||g |||| 00| mzspa d</controlfield>
  <datafield tag="040" ind1=" " ind2=" ">
    <subfield code="a">EcQuCN</subfield>
  </datafield>
  <datafield tag="084" ind1=" " ind2=" ">
    <subfield code="a">VHSER0057.2 - DVDER259 - DVDER930.2</subfield>
  </datafield>
  <datafield tag="245" ind1="1" ind2="0">
    <subfield code="a">La cueva de Los Tayos (expedici&#xF3;n japonesa);</subfield>
  </datafield>
  <datafield tag="260" ind1=" " ind2=" ">
    <subfield code="a">Quito&#xA0;</subfield>
    <subfield code="b">Cinemateca Nacional</subfield>
    <subfield code="c">1993</subfield>
  </datafield>
  <datafield tag="300" ind1=" " ind2=" ">
    <subfield code="a">1H 16 minutos.</subfield>
  </datafield>
  <datafield tag="380" ind1=" " ind2=" ">
    <subfield code="a">Documental</subfield>
  </datafield>
  <datafield tag="516" ind1=" " ind2=" ">
    <subfield code="a">VHS - DVD</subfield>
  </datafield>
  <datafield tag="520" ind1="1" ind2=" ">
    <subfield code="a">Documental presentado y narrada la expedici&#xF3;n por Alfonso Espinosa de los Monteros. Entrevista a Alfredo Egas Rivadeneira gu&#xED;a del grupo. Los expedicionarios japoneses iniciaron la traves&#xED;a en el mes de abril 1993. El libro el oro de los dioses de Erich von Daniken de mucha popularidad les inquieta y deciden hacer el viaje. Los japoneses llegan a la comunidad de los shuaras portando equipos de filmaci&#xF3;n sofisticados para soportar el maltrato y la humedad de las cuevas. En el trayecto encuentran pasadizos con paredes estrechas, pisan terreno escabroso, aparecen ara&#xF1;as, sancudos, cucarachas y otros insectos desconocidos de tama&#xF1;o gigante. Encuentran al ave de la noche -Los Tayos- de ojos rojos. El gu&#xED;a, Jos&#xE9;, de la comunidad shuar es hijo del gu&#xED;a que acompa&#xF1;&#xF3; a los expedicionarios brit&#xE1;nicos, all&#xE1; por el a&#xF1;o 1975. Entre los ind&#xED;genas, desde mucho tiempo atr&#xE1;s, se dice que en las cuevas est&#xE1;n escondidas reliquias hist&#xF3;ricas, que all&#xED; est&#xE1;n templos hundidos, adem&#xE1;s las cuevas por la estructura que presentan son una maravilla de la naturaleza, son un tesoro escondido. Los japoneses as&#xED; lo demuestran en el documental.</subfield>
  </datafield>
  <datafield tag="522" ind1=" " ind2=" ">
    <subfield code="a">Ecuador</subfield>
  </datafield>
  <datafield tag="650" ind1=" " ind2="4">
    <subfield code="a">ANTROPOLOGIA</subfield>
  </datafield>
  <datafield tag="942" ind1=" " ind2=" ">
    <subfield code="2">z</subfield>
    <subfield code="c">VHS</subfield>
  </datafield>
  <datafield tag="952" ind1=" " ind2=" ">
    <subfield code="0">0</subfield>
    <subfield code="1">0</subfield>
    <subfield code="2">z</subfield>
    <subfield code="4">0</subfield>
    <subfield code="6">VHSER00572__DVDER259__DVDER9302</subfield>
    <subfield code="7">0</subfield>
    <subfield code="8">GEN</subfield>
    <subfield code="9">724</subfield>
    <subfield code="a">CINE</subfield>
    <subfield code="b">CINE</subfield>
    <subfield code="d">2015-08-27</subfield>
    <subfield code="e">Cinemateca Nacional</subfield>
    <subfield code="l">0</subfield>
    <subfield code="o">VHSER0057.2 - DVDER259 - DVDER930.2</subfield>
    <subfield code="p">CN-0679</subfield>
    <subfield code="r">2015-08-27</subfield>
    <subfield code="t">Ej.1</subfield>
    <subfield code="w">2023-02-21</subfield>
    <subfield code="x">Migraci&#xF3;n</subfield>
    <subfield code="y">VHS</subfield>
  </datafield>
  <datafield tag="999" ind1=" " ind2=" ">
    <subfield code="c">724</subfield>
    <subfield code="d">724</subfield>
  </datafield>
</record>
